000 00724nam a2200217Ia 4500
001 5053
003 GE_BSU
008 181216s||||||||xx |||||||||||||| ||und||
040 _cGE_BSU
080 _a621.757(075)
100 _aЕгоров,М.Е. Дементьев,В.И. Тишин,С.Д. Дмитрев,В.Л.
245 _aТехнология машиностроения.
245 _bУчебник.
245 _cПод общ. ред. М.Е.Егорова. Ред. П.А.Кунин.
260 _aМ.
260 _bВысшая школа.
260 _c1965.
300 _a590 стр. 22 см. Библиогр.: стр. 582.
653 _aТехнология машиностроения.
942 _cBK
999 _c38736
_d38736